|
|
|
|
| LEADER |
00000nam a2200000Ii 4500 |
| 001 |
DIGEDUNAV0140 |
| 003 |
NyNyDIG |
| 006 |
m o d |
| 007 |
cr ||||||||||| |
| 008 |
220609s2016 sp ob 001 0 spa d |
| 035 |
|
|
|a (OCoLC)1333701155
|
| 040 |
|
|
|a DGITA
|b eng
|e rda
|e pn
|c DGITA
|
| 020 |
|
|
|z 9788431331245
|
| 050 |
1 |
4 |
|a BS600.2 ebook
|
| 100 |
1 |
|
|a Caballero, Juan Luis,
|e author.
|
| 245 |
1 |
0 |
|a Escritos paulinos /
|c Juan Luis Caballero.
|
| 264 |
|
1 |
|a Pamplona, España :
|b EUNSA, Ediciones Universidad de Navarra,
|c [2016]
|
| 300 |
|
|
|a 1 online resource.
|
| 336 |
|
|
|a text
|b txt
|2 rdacontent
|
| 337 |
|
|
|a computer
|b c
|2 rdamedia
|
| 338 |
|
|
|a online resource
|b cr
|2 rdacarrier
|
| 347 |
|
|
|a text file
|2 rdaft
|
| 347 |
|
|
|b PDF
|
| 490 |
1 |
|
|a Manuales ICSR
|
| 504 |
|
|
|a Includes bibliographical references and index.
|
| 588 |
0 |
|
|a Online resource; title from PDF title page (Digitalia, viewed June 9, 2022)
|
| 630 |
0 |
0 |
|a Bible
|x Study and teaching.
|
| 655 |
|
0 |
|a Electronic books.
|
| 791 |
2 |
|
|a Digitalia (Firm),
|e distributor.
|
| 793 |
0 |
|
|g Digitalia eBook Collection:
|a Ediciones Universidad de Navarra
|
| 776 |
0 |
8 |
|i Print version:
|a Caballero, Juan Luis.
|t Escritos paulinos.
|d Pamplona, España : EUNSA, Ediciones Universidad de Navarra, [2016]
|z 9788431331245
|
| 830 |
|
0 |
|a Manuales del Instituto Superior de Ciencias Religiosas ;
|v 5.
|
| 856 |
4 |
0 |
|3 Digitalia Hispánica
|u https://www.digitaliapublishing.com/a/51475/
|
| 910 |
|
|
|a Premium collection: 2022
|